Personnalités nées dans les années 1960 par images - Statistiques

Statistiques générales
  • Ce quiz a été pris 15 533 fois
    13 457 depuis la dernière actualisation
  • Le résultat moyen est 15 sur 20
Statistiques - réponses
Par images Hint Réponse % Correct
1961 Barack Obama
99%
1963 Brad Pitt
92%
1966 Philippe Etchebest
90%
1960 Yannick Noah
90%
1968 Céline Dion
88%
1964 Jamy Gourmaud
88%
1968 Will Smith
88%
1960-2020 Diego Maradona
86%
1962 Tom Cruise
85%
1963 Elie Semoun
83%
1963 Michael Jordan
78%
1961 Mylène Farmer
78%
1965 Jean Castex
73%
1969 Michael Schumacher
73%
1964 Boris Johnson
63%
1965 Anne Roumanoff
61%
1964 Benoit Poelvoorde
57%
1962 Isabelle Nanty
55%
1969 Laurent Delahousse
52%
1967 Amélie Nothomb
35%
Aucun quiz correspondant
Distribution des résultats
% des personnes avec chaque résultat
Percentile par nombre de réponses
Votre historique - résultats
Vous n’avez pas pris ce quiz depuis la dernière actualisation